Die Literarisierung von Musik und bildender Kunst um 1800
Gespeichert in:
| VerfasserIn: | |
|---|---|
| Dokumenttyp: | Online-Ressource Buch |
| Sprache: | German |
| Veröffentlicht: |
München
: Fink
, 2003
|
| Schlagwörter: | |
| Online Zugang: | kostenfrei kostenfrei Rezension Inhaltsverzeichnis |
| Bibliogr. Hinweis: | Erscheint auch als:
Die Literarisierung von Musik und bildender Kunst um 1800 Rezensiert in: [Rezension von: Corina Caduff, Die Literarisierung von Musik und bildender Kunst um 1800] |
| Verantwortlich: | Corina Caduff |
| LEADER | 07474cam a22016092c 4500 | ||
|---|---|---|---|
| 001 | 617828989 | ||
| 003 | DE-627 | ||
| 005 | 20260613215744.0 | ||
| 007 | cr uuu---uuuuu | ||
| 008 | 130607s2003 gw |||||o 00| ||ger c | ||
| 020 | |a 3770537637 |9 3-7705-3763-7 | ||
| 024 | 7 | |a urn:nbn:de:bvb:12-bsb00041292-3 |2 urn | |
| 035 | |a (DE-627)617828989 | ||
| 035 | |a (DE-576)383347688 | ||
| 035 | |a (DE-599)GBV617828989 | ||
| 035 | |a (OCoLC)1533890263 | ||
| 035 | |a (DE-604)BV016479224 | ||
| 035 | |a (DE-627-1)000075698 | ||
| 035 | |a (DE-604)BDR-BV016479224-42505 | ||
| 040 | |a DE-627 |b ger |c DE-627 |e rakwb | ||
| 041 | |a ger | ||
| 044 | |c XA-DE | ||
| 050 | 0 | |a PN56.M87C33 2003 | |
| 082 | 0 | |a 809.9335722 | |
| 082 | 0 | |a 809.93357 | |
| 082 | 0 | |a 809/.93357 22 |q BVB | |
| 084 | |a 46 |a 48 |a 53 |2 sdnb | ||
| 084 | |a 9,10 |2 ssgn | ||
| 084 | |a 9,2 |2 ssgn | ||
| 084 | |a EC 2440 |2 rvk |0 (DE-625)rvk/20488: | ||
| 084 | |a GK 1221 |2 rvk |0 (DE-625)rvk/40747:13554 | ||
| 084 | |a GK 1223 |2 rvk |0 (DE-625)rvk/40747:13556 | ||
| 084 | |a 17.90 |2 bkl | ||
| 084 | |a 18.00 |2 bkl | ||
| 084 | |a 17.93 |2 bkl | ||
| 100 | 1 | |a Caduff, Corina |d 1965- |0 (DE-588)115514724 |0 (DE-627)077300858 |0 (DE-576)168148048 |4 aut | |
| 245 | 1 | 0 | |a Die Literarisierung von Musik und bildender Kunst um 1800 |c Corina Caduff |
| 264 | 1 | |a München |b Fink |c 2003 | |
| 300 | |a 386 S. |b Ill. | ||
| 336 | |a Text |b txt |2 rdacontent | ||
| 336 | |a Text |b txt |2 rdacontent |8 1 | ||
| 337 | |a Computermedien |b c |2 rdamedia | ||
| 338 | |a Online-Ressource |b cr |2 rdacarrier | ||
| 530 | |a Volltext // 2010 digitalisiert von: Bayerische Staatsbibliothek, München. Exemplar der Bayerischen Staatsbibliothek mit der Signatur: Mus.th. 2003.595 | ||
| 533 | |a Online-Ausg. |b München |c Bayerische Staatsbibliothek |d 2010 |e Online-Ressource |n Volltext // 2010 digitalisiert von: Bayerische Staatsbibliothek, München. Exemplar der Bayerischen Staatsbibliothek mit der Signatur: Mus.th. 2003.595 |7 |2010|||||||||| | ||
| 648 | 4 | |a Geschichte 1766-1815 | |
| 648 | 4 | |a Geschichte 1780-1850 | |
| 650 | 4 | |a Beeldende kunsten | |
| 650 | 4 | |a Letterkunde | |
| 650 | 4 | |a Muziek | |
| 650 | 4 | |a Art and literature | |
| 650 | 4 | |a Art in literature | |
| 650 | 4 | |a European literature |x 18th century |x History and criticism | |
| 650 | 4 | |a European literature |x 19th century |x History and criticism | |
| 650 | 4 | |a Music and literature | |
| 650 | 4 | |a Music in literature | |
| 650 | 4 | |a Musik | |
| 650 | 4 | |a Literatur | |
| 650 | 4 | |a Geschichte 1700-1800 | |
| 650 | 4 | |a Kunst | |
| 650 | 4 | |a Geschichte 1766-1815 ; rswk-swf | |
| 650 | 4 | |a Geschichte 1780-1850 ; rswk-swf | |
| 650 | 4 | |a Geschichte 1800-1900 | |
| 650 | 4 | |a Ästhetik ; rswk-swf | |
| 650 | 4 | |a Literatur ; rswk-swf | |
| 650 | 4 | |a Deutsch ; rswk-swf | |
| 650 | 4 | |a Musik ; Motiv ; rswk-swf | |
| 650 | 4 | |a Kunst ; Motiv ; rswk-swf | |
| 650 | 4 | |a Musik ; rswk-swf | |
| 650 | 4 | |a Kunst ; rswk-swf | |
| 650 | 4 | |a Deutschland ; rswk-swf | |
| 689 | 0 | 0 | |d s |0 (DE-588)4113292-0 |0 (DE-627)105830437 |0 (DE-576)209475285 |a Deutsch |2 gnd |
| 689 | 0 | 1 | |d s |0 (DE-588)4035964-5 |0 (DE-627)106245015 |0 (DE-576)209015608 |a Literatur |2 gnd |
| 689 | 0 | 2 | |d s |0 (DE-588)4114652-9 |0 (DE-627)10582058X |0 (DE-576)209486422 |a Musik |g Motiv |2 gnd |
| 689 | 0 | 3 | |a z |2 gnd |a Geschichte 1766-1815 |
| 689 | 0 | |5 (DE-627) | |
| 689 | 1 | 0 | |d s |0 (DE-588)4113292-0 |0 (DE-627)105830437 |0 (DE-576)209475285 |a Deutsch |2 gnd |
| 689 | 1 | 1 | |d s |0 (DE-588)4035964-5 |0 (DE-627)106245015 |0 (DE-576)209015608 |a Literatur |2 gnd |
| 689 | 1 | 2 | |d s |0 (DE-588)4128072-6 |0 (DE-627)104262524 |0 (DE-576)209598980 |a Kunst |g Motiv |2 gnd |
| 689 | 1 | 3 | |a z |2 gnd |a Geschichte 1766-1815 |
| 689 | 1 | |5 (DE-627) | |
| 689 | 2 | 0 | |d g |0 (DE-588)4011882-4 |0 (DE-627)104704861 |0 (DE-576)208896155 |a Deutschland |2 gnd |
| 689 | 2 | 1 | |d s |0 (DE-588)4000626-8 |0 (DE-627)106400541 |0 (DE-576)208838821 |a Ästhetik |2 gnd |
| 689 | 2 | 2 | |d s |0 (DE-588)4040802-4 |0 (DE-627)104137754 |0 (DE-576)209042346 |a Musik |2 gnd |
| 689 | 2 | 3 | |d s |0 (DE-588)4035964-5 |0 (DE-627)106245015 |0 (DE-576)209015608 |a Literatur |2 gnd |
| 689 | 2 | 4 | |a z |2 gnd |a Geschichte 1766-1815 |
| 689 | 2 | |5 (DE-627) | |
| 689 | 3 | 0 | |d s |0 (DE-588)4114333-4 |0 (DE-627)105822957 |0 (DE-576)209483733 |a Kunst |2 gnd |
| 689 | 3 | 1 | |d s |0 (DE-588)4035964-5 |0 (DE-627)106245015 |0 (DE-576)209015608 |a Literatur |2 gnd |
| 689 | 3 | 2 | |a z |2 gnd |a Geschichte 1780-1850 |
| 689 | 3 | |5 (DE-627) | |
| 689 | 4 | 0 | |d s |0 (DE-588)4000626-8 |0 (DE-627)106400541 |0 (DE-576)208838821 |a Ästhetik |2 gnd |
| 689 | 4 | 1 | |a z |2 gnd |a Geschichte 1780-1850 |
| 689 | 4 | |5 (DE-627) | |
| 776 | 1 | |z 3770537637 | |
| 776 | 0 | 8 | |i Erscheint auch als |n Druck-Ausgabe |a Caduff, Corina, 1965 - |t Die Literarisierung von Musik und bildender Kunst um 1800 |d München : Fink, 2003 |h 386 S. |w (DE-627)360077110 |w (DE-576)103905782 |z 9783770537631 |z 3770537637 |
| 787 | 0 | 8 | |i Rezensiert in |a Benthien, Julia |t [Rezension von: Corina Caduff, Die Literarisierung von Musik und bildender Kunst um 1800] |d 2004 |w (DE-627)1919826769 |
| 856 | 4 | 0 | |u http://mdz-nbn-resolving.de/urn:nbn:de:bvb:12-bsb00041292-3 |m X:DE-12 |x Resolving-System |z kostenfrei |7 0 |
| 856 | 4 | 0 | |u https://nbn-resolving.org/urn:nbn:de:bvb:12-bsb00041292-3 |m X:DE-12 |x Resolving-System |z kostenfrei |7 0 |
| 856 | 4 | 2 | |u http://www.sehepunkte.de/2004/02/3119.html |m V:DE-576;X:Sehepunkte |q text/html |v 20180424122846 |3 Rezension |7 1 |
| 856 | 4 | 2 | |u http://d-nb.info/96607386X/04 |m V:DE-603 |q application/pdf |v 20130501 |x Verlag |3 Inhaltsverzeichnis |7 1 |
| 912 | |a ZDB-57-DFS | ||
| 935 | |i Blocktest | ||
| 936 | r | v | |a EC 2440 |b Beziehungen der Literatur zu Kunst und Musik |k Allgemeine und vergleichende Sprach- und Literaturwissenschaft. Indogermanistik. Außereuropäische Sprachen und Literaturen |k Allgemeine und vergleichende Literaturwissenschaft. |k Beziehungen der Literatur zu anderen Gebieten |k Beziehungen der Literatur zu Kunst und Musik |0 (DE-627)127074920X |0 (DE-625)rvk/20488: |0 (DE-576)20074920X |
| 936 | r | v | |a GK 1221 |b k |k Germanistik. Niederlandistik. Skandinavistik |k Deutsche Literatur |k Goethezeit |k Literaturgeschichte |k Stoff- und Motivgeschichte (A-Z) |k k |0 (DE-627)1271496569 |0 (DE-625)rvk/40747:13554 |0 (DE-576)201496569 |
| 936 | r | v | |a GK 1223 |b m |k Germanistik. Niederlandistik. Skandinavistik |k Deutsche Literatur |k Goethezeit |k Literaturgeschichte |k Stoff- und Motivgeschichte (A-Z) |k m |0 (DE-627)1272113302 |0 (DE-625)rvk/40747:13556 |0 (DE-576)202113302 |
| 936 | b | k | |a 17.90 |j Literatur in Beziehung zu anderen Bereichen von Wissenschaft und Kultur |q SEPA |0 (DE-627)106404385 |
| 936 | b | k | |a 18.00 |j Einzelne Sprachen und Literaturen allgemein |q SEPA |0 (DE-627)106405403 |
| 936 | b | k | |a 17.93 |j Literarische Stoffe |j literarische Motive |j literarische Themen |q SEPA |0 (DE-627)106404490 |
| 936 | s | n | |a e100 |2 mzub |
| 936 | s | n | |a g100 |2 mzub |
| 936 | s | n | |a l400 |2 mzub |
| 936 | s | n | |a l300 |2 mzub |
| 951 | |a BO | ||
| 994 | |u https://www.digitale-sammlungen.de/en/view/bsb00041292 | ||
| 994 | |u https://www.digitale-sammlungen.de/en/view/bsb00041292 | ||
| 994 | |u https://www.sehepunkte.de/2004/02/3119.html | ||
| 990 | |a Deutsch | ||
| 990 | |a Literatur | ||
| 990 | |a Musik | ||
| 990 | |a Geschichte 1766-1815 | ||
| 990 | |a Deutsch | ||
| 990 | |a Literatur | ||
| 990 | |a Kunst | ||
| 990 | |a Geschichte 1766-1815 | ||
| 990 | |a Deutschland | ||
| 990 | |a Ästhetik | ||
| 990 | |a Musik | ||
| 990 | |a Literatur | ||
| 990 | |a Geschichte 1766-1815 | ||
| 990 | |a Kunst | ||
| 990 | |a Literatur | ||
| 990 | |a Geschichte 1780-1850 | ||
| 990 | |a Ästhetik | ||
| 990 | |a Geschichte 1780-1850 | ||
| 991 | |a Rezensiertes Werk | ||
| 999 | |a KXP-PPN617828989 |e 4986130064 | ||


